banner koha

Estimativa do poder calorífico superior do carvão vegetal de madeiras de Eucalyptus grandis em função do teor de carbono fixo e do teor de materiais voláteis (Registro n. 298926)

MARC details
000 -LÍDER
fixed length control field 01112nab a2200277 4500
003 - CÓDIGO MARC DA AGÊNCIA CATALOGADORA
Campo de controle BR-BrBNA
005 - DATA E HORA DA ÚLTIMA ATUALIZAÇÃO
Campo de controle 20240325235200.0
008 - CAMPO DE TAMANHO FIXO
fixed length control field 240325b bl.||||| |||| 00| 0 por d
040 ## - FONTE DA CATALOGAÇÃO
Agência catalogadora BR-BrBNA
Idioma da catalogação por
072 ## - CATEGORIA AGRIS
Código AGRIS P06
Código do objeto 3240 ; 8905
100 ## - ENTRADA PRINCIPAL - NOME PESSOAL
Nome pessoal Vale, Ailton Teixeira do
100 ## - ENTRADA PRINCIPAL - NOME PESSOAL
Nome pessoal Abreu, Vera Lúcia Silva
100 ## - ENTRADA PRINCIPAL - NOME PESSOAL
Nome pessoal Gonçalez, Joaquim Carlos
100 ## - ENTRADA PRINCIPAL - NOME PESSOAL
Nome pessoal Costa, Alexandre Florian da
245 ## - TÍTULO PRINCIPAL
Título principal Estimativa do poder calorífico superior do carvão vegetal de madeiras de Eucalyptus grandis em função do teor de carbono fixo e do teor de materiais voláteis
Subtítulo Pesquisa
500 ## - NOTA GERAL
Nota geral Summaries (eng, por); 8 ref.; 3 illus.; 5 tables
942 ## - ADDED ENTRY ELEMENTS (KOHA)
Koha item type
650 ## - ASSUNTO - THESAGRO
Cabeçalho tópico ou nome geográfico EUCALYPTUS GRANDIS
650 ## - ASSUNTO - THESAGRO
Cabeçalho tópico ou nome geográfico ÁRVORE ANGIOSPERMA
650 ## - ASSUNTO - THESAGRO
Cabeçalho tópico ou nome geográfico CARVÃO VEGETAL
650 ## - ASSUNTO - THESAGRO
Cabeçalho tópico ou nome geográfico PRODUTO FLORESTAL
650 ## - ASSUNTO - THESAGRO
Cabeçalho tópico ou nome geográfico CARBONIZAÇÃO
650 ## - ASSUNTO - THESAGRO
Cabeçalho tópico ou nome geográfico MATERIAL PIROLENHOSO
773 0# - ENTRADA ANALÍTICA
Host Biblionumber 1357
Registro do item 4682
Imprenta Brasília-DF Instituto Brasileiro de Desenvolvimento Florestal 1970
Outro identificador 2023-07826
Título Brasil Florestal (Brazil)
ISSN 0045-270X
Colação v. 21(73) p. 47-52; (Apr 2002)
Número de controle de registro BR2024000521

Nenhum exemplar disponível.

BINAGRI

Telefone: (61)3218-2567/2388/3357/2097 - binagri@agro.gov.br

Ministério da Agricultura e Pecuária , Esplanada dos Ministérios, Bloco D, Anexo B, Brasília/DF, CEP: 70.043-900